|
|
|
|
| LEADER |
02646nam a2200385 a 4500 |
| 001 |
24616 |
| 003 |
BD-DhAAL |
| 005 |
20250223145255.0 |
| 008 |
120228s2011 enk b 001 0 eng d |
| 010 |
|
|
|a 2011008211
|
| 020 |
|
|
|a 9780521886123 (hardback)
|
| 020 |
|
|
|a 9780521713771 (pbk.)
|
| 020 |
|
|
|a 9781107678460
|
| 040 |
|
|
|a DLC
|c DLC
|d DLC
|c BD-DhAAL
|
| 082 |
0 |
0 |
|a 954.9205
|2 22
|
| 100 |
1 |
|
|a Lewis, David,
|d 1960-
|9 3672
|
| 245 |
1 |
0 |
|a Bangladesh :
|b politics, economics, and civil society /
|c David Lewis.
|
| 260 |
|
|
|a Cambridge ;
|a New York :
|b Cambridge University Press,
|c 2011, 2012
|
| 300 |
|
|
|a xiii, 233 pages ;
|c 24 cm.
|
| 504 |
|
|
|a Includes bibliographical references (pages 211-223) and index.
|
| 541 |
1 |
|
|e 24616
|
| 651 |
|
0 |
|a Bangladesh
|x Politics and government
|y 1971-
|9 250
|
| 651 |
|
0 |
|a Bangladesh
|x Economic conditions.
|9 6034
|
| 651 |
|
0 |
|a Bangladesh
|x Social conditions.
|9 10911
|
| 852 |
1 |
|
|a Ayesha Abed Library
|c General Stacks
|
| 942 |
|
|
|2 ddc
|c BK
|
| 999 |
|
|
|c 11922
|d 11922
|
| 952 |
|
|
|0 0
|1 0
|2 ddc
|4 0
|6 954_920500000000000_LEW
|7 0
|9 19874
|a BRACUL
|b BRACUL
|c GEN
|d 2012-04-02
|e A.H. Development Publishing House
|g 750.00
|l 5
|m 12
|o 954.9205 LEW
|p 3010024890
|r 2026-01-21
|s 2026-01-13
|t 2
|w 2012-04-02
|y BK
|
| 952 |
|
|
|0 0
|1 0
|2 ddc
|4 0
|6 954_920500000000000_LEW
|7 0
|9 20194
|a BIGD
|b BIGD
|c GEN
|d 2012-05-16
|e A.H. Development Publishing House
|l 1
|m 3
|o 954.9205 LEW
|p 3050025224
|r 2014-06-09
|s 2012-12-31
|t 3
|w 2012-05-16
|y BK
|
| 952 |
|
|
|0 0
|1 0
|2 ddc
|4 0
|6 954_920500000000000_LEW
|7 0
|9 54417
|a BRACUL
|b BRACUL
|c CIR
|d 2015-06-20
|e Karim International
|g 700.00
|l 2
|o 954.9205 LEW
|p 3010029389
|r 2024-11-02
|s 2024-11-02
|t 8
|w 2015-06-20
|y 1HOUR
|x According to Gazi Md. Mizanur Rahman (Assistant Professor, ENH) instruction, the book has been reserved as one hour loan.
|
| 952 |
|
|
|0 0
|1 0
|2 ddc
|4 0
|6 954_920500000000000_LEW
|7 0
|9 73744
|a BIGD
|b BIGD
|c GEN
|d 2023-06-07
|l 0
|o 954.9205 LEW
|p 3050024616
|r 2023-06-07
|t 1
|w 2023-06-07
|y BK
|x Transferred from BDI to BIGD.
|
| 952 |
|
|
|0 0
|1 0
|2 ddc
|4 0
|6 954_920500000000000_LEW
|7 0
|9 73745
|a BIGD
|b BIGD
|c GEN
|d 2023-06-07
|l 0
|o 954.9205 LEW
|p 3050027818
|r 2023-06-07
|t 5
|w 2023-06-07
|y BK
|x Transferred from BDI to BIGD.
|
| 952 |
|
|
|0 0
|1 0
|2 ddc
|4 0
|6 954_920500000000000_LEW
|7 0
|9 73785
|a BIGD
|b BIGD
|c GEN
|d 2023-06-12
|l 0
|o 954.9205 LEW
|p 3050027817
|r 2023-06-12
|t 4
|w 2023-06-12
|y BK
|x Transferred from BDI to BIGD.
|
| 952 |
|
|
|0 0
|1 0
|2 ddc
|4 0
|6 954_920500000000000_LEW
|7 0
|9 73830
|a BIGD
|b BIGD
|c GEN
|d 2023-06-18
|l 0
|o 954.9205 LEW
|p 3050027820
|r 2023-06-18
|t 7
|w 2023-06-18
|y BK
|x Transferred from BDI to BIGD.
|
| 952 |
|
|
|0 0
|1 0
|2 ddc
|4 0
|6 954_920500000000000_LEW
|7 0
|9 73879
|a BIGD
|b BIGD
|c GEN
|d 2023-07-09
|l 0
|o 954.9205 LEW
|p 3050027819
|r 2023-07-09
|t 6
|w 2023-06-18
|y BK
|x Transferred from BDI to BIGD.
|